[Event "EU-Cup 20th"]
[Site "Izmir"]
[Date "2004.10.09"]
[Round "7.2"]
[White "Short, Nigel D"]
[Black "Gelfand, Boris"]
[Result "1/2-1/2"]
[WhiteElo "2687"]
[BlackElo "2693"]
[Annotator "Huzman,A"]
[PlyCount "108"]
[EventDate "2004.10.03"]
[EventType "team-swiss"]
[EventRounds "7"]
[EventCountry "TUR"]
[SourceTitle "CBM 104"]
[Source "ChessBase"]
[SourceDate "2005.01.27"]
[SourceVersion "1"]
[SourceVersionDate "2005.01.27"]
[SourceQuality "1"]
[WhiteTeam "Sarajevo Bosna"]
[BlackTeam "Warsaw Polonia"]
[WhiteTeamCountry "BIH"]
[BlackTeamCountry "POL"]

1. e4 e5 2. Nf3 Nf6 3. Nxe5 d6 4. Nf3 Nxe4 5. d4 d5 6. Bd3 Nc6 7. O-O Be7 8. c4
Nb4 9. Be2 O-O 10. a3 Nc6 11. Qc2 Bf6 12. Nc3 (12. Be3 Bf5 13. Bd3 Bg6 14. b4
Re8 15. c5 a6 16. Nc3 Nxc3 17. Qxc3 Be4 $5 (17... Bxd3 18. Qxd3 Qd7 $11) 18.
Nd2 Qd7 19. Rfd1 Bxg2 $1 20. Kxg2 Nxd4 21. Bxd4 $11 {0-1 Adams,M-Lalic,B/
Kilkenny 77/303 1999/[Lalic,B] (38)}) (12. cxd5 Qxd5 13. Bc4 $140 $2 Nxd4 14.
Nxd4 Qxd4 15. Rd1 Qe5) 12... Nxc3 ({Black doesn't receive full equality after} 
12... Nxd4 13. Nxd4 Bxd4 14. Nxd5 (14. cxd5 Bxc3 15. Qxe4 (15. bxc3 Qxd5) (15.
Bd3 Bf5 16. Bxe4 Bxe4 17. Qxe4 Re8 $15) 15... Re8 16. Qf3 Be5 $15) 14... Nc5 (
14... Nxf2 15. Rxf2 Bxf2+ 16. Kxf2 c6 17. Nf4 $14) 15. Rd1 (15. Be3 Bxe3 16.
Nxe3 Ne6 17. Rad1 Nd4 18. Qd2 c5 19. b4 b6 $11) 15... Ne6 16. Bg4 (16. Bd3 g6)
16... c6 (16... Qh4 17. Bf5 c5 18. g3 Qh5 19. Be3 $14) 17. Bxe6 fxe6 18. Rxd4
exd5 19. cxd5 cxd5 20. Qb3 Rf5 21. Bf4 $14) 13. bxc3 Be6 14. Bd3 (14. Rb1 dxc4
$5 (14... Na5 15. Bd3 h6 16. cxd5 Bxd5 17. Nd2 $14) (14... Rb8 15. Bd3 h6 16.
cxd5 Bxd5 17. Re1 $14) 15. Rxb7 Bd5 16. Rb2 Qd6 17. Qa4 Ne7 18. Bxc4 Bxf3 19.
gxf3 c5 $44) 14... h6 (14... g6 15. cxd5 Bxd5 16. Nd2 Re8 17. Nc4 $14 Nxd4 18.
cxd4 Bxg2 19. Kxg2 Qxd4 20. f3 Qxa1 21. Bb2 Bxb2 22. Rxa1 Bxa1 23. Qb1 $14) 15.
cxd5 Bxd5 16. Rb1 Re8 (16... Bxf3 {The light squared bishop of Black is very
important in this kind of position but a plan with taking on f3 with
subsequent Na5 and c5 comes into consideration.} 17. gxf3 Na5 $5 (17... Rb8 18.
Bh7+ Kh8 19. Be4 $14) 18. Re1 (18. Be4 c5 19. Qa4 {[%cal Gb1b5]} Rc8 20. Rb5 a6
$1 21. Rxc5 Rxc5 22. dxc5 Qc7 $44) 18... c5 19. dxc5 $5 Qc7 20. Qa4 (20. Be3
Be5 21. h3 Rfe8 22. Bd4 Rad8 $44) 20... Bxc3 21. Qe4 f5 22. Qd5+ Qf7 23. Qxf7+
Rxf7 24. Re6 Rc8 $11) 17. Bf4 Na5 18. Rfd1 (18. Nd2 Bg5 19. Bg3 Bxd2 20. Qxd2
Nc4 $11) (18. Rfe1 $5 Rxe1+ 19. Nxe1 b6 20. c4 Bb7 21. d5 c6 22. Bd2 Rb8 23.
Bxa5 bxa5 24. Bh7+ Kh8 25. Be4 $14) 18... Nc4 19. Rb4 (19. Bxc4 Bxc4 20. Rxb7
Be2 21. Rdb1 Bxf3 22. gxf3 Qd5 (22... c5 23. Qb3 $16) 23. Kg2 (23. Rxc7 $6 Qxf3
24. Bg3 Re2 25. Qa4 Rae8 26. Rf1 Re1 $40) 23... c5 $44) 19... b5 (19... Nxa3 $5
20. Qb2 Be7 21. Ra4 Qd7 22. Rxa3 Qg4 23. Bg3 Bxa3 24. Qxa3 Bxf3 25. gxf3 Qxf3
26. Qb3 Re7 $13) 20. Rxb5 Bxf3 21. Bxc4 Bxd1 22. Qxd1 Qe7 {'?!'} (22... c6 $1
23. Rb7 (23. Rc5 Qd7 24. Qf3 Re1+ 25. Bf1 Rc8 $15) 23... Re7 24. Qb1 Qe8 25.
Kf1 Rd7 $11) 23. g3 Qxa3 (23... c6 24. Rc5 Qd7 25. Qf3 Rac8 26. Bxh6 $16) 24.
Rc5 Re7 25. Bxh6 Rae8 {'?'} ({White have nothing more than draw after} 25...
gxh6 $1 26. Qf3 Kg7 {'='} 27. Rf5 (27. Qg4+ $5 $11 Bg5 (27... Kh8 28. Qf3 Kg7
$11) 28. Rxg5+ hxg5 29. Qxg5+ Kf8 30. Qh6+ Kg8 31. Qg6+ $11 (31. Bd3 Re1+ 32.
Kg2 Qc1 33. Qh7+ Kf8 34. Bc4 Ke7 35. Qxf7+ Kd8 36. Qd5+ (36. Qf6+ Re7 37. Bb5
Qe1 $1 38. Qc6 Qe4+ 39. Qxe4 Rxe4 40. Bc6 Rxd4 41. cxd4 Rb8 $17) 36... Ke7 37.
Qxa8 Rg1+ 38. Kh3 Qh6+ 39. Kg4 Qg6+ $11)) (27. Qxa8 Qxc3 28. Kg2 Qxd4 $15)
27... Qa4 28. Bf1 Bxd4 29. Qxa8 Bxc3 30. Qf3 (30. Rf4 Qd1) 30... Be5 $11) 26.
Bd2 Rb8 (26... Rd8 27. Kg2 Qb2 28. Bf4 $16) 27. Kg2 Qb2 28. Bf4 Qb7+ 29. Bd5
Qc8 30. h4 Rb6 31. h5 a6 32. Qf3 (32. Qd3 $5 Kh8 (32... c6 33. Qf3 Re1 34. Be4
(34. Bxc6) (34. Rxc6 Rxc6 35. Bxc6 a5 36. Bd5 Qa6) 34... Qe6 35. Bxc6 Rbb1 36.
Kh2 $16) 33. Qc4 $16 {[%cal Gc4f7,Gc4c7]}) 32... Rb5 33. Rc6 Rb6 34. Rc5 (34.
Bd6 Rd7 35. Bc5 Rxc6 36. Bxc6 Rd8 37. h6 Qe6 38. Be4) (34. Rc4 $16) 34... Rb5
35. Rxb5 axb5 36. g4 Qd8 {'!'} 37. g5 (37. Bc6 $5) 37... Rd7 38. gxf6 (38. Bc6
Bxg5 39. Bxb5 c6 (39... Rxd4 $1 40. Bxc7 Qxc7 41. cxd4 $14) 40. Qxc6 Ra7 41.
Qd6 (41. Bd6 Bd2 42. Bd3 Ra5 43. Be7 Qd5+ 44. Qxd5 Rxd5 45. Be4 Rxh5 46. c4 Bc3
47. Bc5 Rxc5 $11) 41... Qa8+ 42. Kg3 Be7 $132) 38... Rxd5 39. Be5 Rxe5 (39...
g6 40. Qe4 gxh5 41. Kf1 Kf8 42. Qh7 Ke8 43. Qg8+ Kd7 44. Qxf7+ Kc8 45. Qe6+ $18
{[%cal Gf6f8]}) 40. dxe5 gxf6 41. exf6 Kh7 42. Qf5+ (42. Kh3 Qd7+ (42... c5 43.
Qf5+ Kh6 44. Qxc5 Qxf6 45. Kg4 Qg7+ 46. Kf4 Qf6+ 47. Ke4 Qe6+ 48. Qe5 Qc4+ 49.
Ke3 $16) 43. Kh4 Qd6 44. Qf5+ Kh8 45. Kg5 c5 46. Qe4 Qb8 47. Qe7 b4 48. cxb4
cxb4 49. Qxf7 Qg8+ 50. Qg6 Qd5+ $11) 42... Kh6 43. Qxb5 (43. Qf4+ Kxh5 44. Qf5+
Kh6 45. Qh3+ Kg5 (45... Kg6 46. Qg4+ $18) 46. f4+ Kxf4) 43... Qxf6 44. Qc5 Qf4
{'!'} (44... Qg5+ 45. Qxg5+ Kxg5 46. Kf3 Kxh5 47. c4 (47. Kf4 Kg6 48. Ke5 Kg5
49. c4 Kg4 $11) 47... Kg5 48. Ke4 Kg4 49. c5 f5+ 50. Ke5 f4 51. Ke4 (51. c6 f3
52. Ke4 Kg5 53. Kxf3 Kf5 54. Kg3 Ke5 55. f4+ Kd6 56. Kg4 Kxc6 57. Kg5 Kd7 58.
f5 Ke7 59. Kg6 Kf8 $11) 51... c6 52. Ke5 f3 53. Ke4 Kg5 54. Kxf3 Kf5 55. Kg3
Ke4 56. f4 Kd5 57. Kg4 Kxc5 58. Kg5 Kd6 59. Kg6 Ke7 60. Kg7 Ke6 $11) 45. Qe3
Qxe3 46. fxe3 Kxh5 47. Kf3 Kg5 48. Ke4 f5+ 49. Ke5 Kg4 50. c4 Kf3 51. Kxf5 Kxe3
52. Ke5 Kd3 53. Kd5 c6+ 54. Kc5 Kc3 $11 1/2-1/2

[Event "EU-ch 4th"]
[Site "Istanbul"]
[Date "2003.06.10"]
[Round "10"]
[White "Motylev, Alexander"]
[Black "Rozentalis, Eduardas"]
[Result "1-0"]
[WhiteElo "2634"]
[BlackElo "2586"]
[Annotator "Huzman,A"]
[PlyCount "67"]
[EventDate "2003.05.30"]
[EventType "swiss"]
[EventRounds "13"]
[EventCountry "TUR"]
[SourceTitle "CBM 096"]
[Source "ChessBase"]
[SourceDate "2003.09.25"]
[SourceVersion "1"]
[SourceVersionDate "2003.09.25"]
[SourceQuality "1"]

1. e4 e5 2. Nf3 Nf6 3. Nxe5 d6 4. Nf3 Nxe4 5. d4 d5 6. Bd3 Bd6 7. O-O O-O 8. c4
c6 9. Qc2 Na6 10. a3 Re8 11. Nc3 Bg4 12. Nxe4 dxe4 13. Bxe4 Bxf3 14. Bxf3 Qh4
15. g3 Qxd4 16. Be3 Qf6 17. Be4 g6 18. b4 Nc7 19. Rad1 Re6 (19... a5 20. b5 (
20. Bg2 axb4 21. c5 Be5 22. axb4 Nb5 23. Rd7 Re7 24. Rxe7 (24. Qd3 Qe6 25. Rd1
Rxd7 26. Qxd7 Ra1 27. Qd8+ Kg7 28. Rxa1 Bxa1 29. Bf1 Bf6 30. Qb6 Nd4 31. Qxb7
Nf3+ 32. Kh1 Qd5 33. b5 Ne1+ 34. Kg1 Nf3+ {1/2-1/2 Zarezenko,I-Karpov,A/
Novosibirsk RUS 2001/(34)}) 24... Qxe7 25. Rd1 h5 26. Bf1 Ra1 27. Rxa1 Bxa1 28.
Bc4 Qf6 29. Qd3 Nd4 30. Qe4 Kg7 31. Kg2 Nf5 32. Bf4 Qd4 33. Qxd4+ Bxd4 34. Bd2
$14 {1-0 Leko,P-Piket,J/Monaco MNC 2001/(57)}) (20. c5 Bf8 21. Rd7 axb4 22.
axb4 Re7 23. Rxe7 Qxe7 24. Rd1 Rd8 25. Rxd8 Qxd8 26. Qc4 $14 {1/2-1/2 Rosito,
J-Herrero,L/Mar del Plata 2002/CBM 87 ext (31)}) 20... Bxa3 (20... cxb5 $2 21.
c5 Be5 22. c6 $1 b6 23. Bxb6 $16 {1-0 Nedev,T-Safin,S/Yerevan 2001/CBM 86/
[Huzman] (31)}) 21. bxc6 $1 (21. Rd7 Re7 22. Rxe7 Bxe7 23. bxc6 bxc6 24. Qa4
Ra6 25. Rc1 Ne6 26. c5 Nc7 $1 $11 {1/2-1/2 Bologan,V-Khalifman,A/Prague 2002/
CBM 89/[Huzman] (42)}) 21... bxc6 22. Bd4 Qe6 $8 23. Ba1 $1 $44 {1-0
Kasimdzhanov,R-Akopian,V/Moscow 2002/CBM 90/[Kasimdzhanov] (61)}) (19... Qe7
20. Bg2 Ne6 21. Rfe1 Qc7 22. c5 Bf8 23. h4 h5 24. Rd3 Rad8 25. Red1 Rxd3 26.
Rxd3 Rd8 27. Bf1 Rxd3 28. Bxd3 $14 {1-0 Wang Yu-Levushkina,E/Chennai IND 2001/
(104)}) 20. Bg2 Qe7 (20... a5 21. bxa5 (21. c5 Be5 22. Rd7 Re7 23. Rfd1 Nd5 24.
Rxe7 Nxe3 $11) 21... Na6 22. c5 $16) 21. Rd3 a5 22. Bh3 f5 23. Rfd1 $1 {
[%mdl 32] White's invasion along the "d" file is unavoidable while an attempt
to create a fortress by sacrificing the Q fails because of the K's weakness.}
axb4 24. axb4 Bxb4 (24... Re8 25. c5 Be5 26. Bg2 $16) 25. Rd7 Rxe3 26. Rxe7
Rxe7 27. Qb2 (27. Qb3 $5 c5 28. Bg2 $16) 27... Na6 (27... c5 28. Bg2 $18) (
27... Bc5 28. Qxb7 Ra2 29. Qxc6 Bxf2+ 30. Kh1 $16) 28. c5 $1 Bxc5 29. Bf1 $1 b5
30. Ra1 $1 {[%mdl 4]} (30. Bg2 $5 Re6 31. Qb3 Nc7 32. Bxc6 Ra3 33. Rd8+ Kg7 34.
Qb2+ $16) 30... Bd6 $4 (30... Raa7 $142 31. Rd1 Nc7 (31... Ra8 32. Bg2 Re6 33.
Qb3 Nc7 34. Bxc6 $16) 32. Rd8+ Kf7 33. Qh8 Ke6 34. h4 $40) (30... Rea7 31. Rc1
$1 $16) 31. Qf6 Bb4 32. Qxc6 Rea7 33. Bxb5 Nc7 34. Qc4+ 1-0

[Event "Corus"]
[Site "Wijk aan Zee"]
[Date "2001.01.23"]
[Round "9"]
[White "Adams, Michael"]
[Black "Timman, Jan H"]
[Result "1/2-1/2"]
[WhiteElo "2746"]
[BlackElo "2629"]
[Annotator "Huzman,A"]
[PlyCount "87"]
[EventDate "2001.01.13"]
[EventType "tourn"]
[EventRounds "13"]
[EventCountry "NED"]
[EventCategory "19"]
[SourceTitle "CBM 081"]
[Source "ChessBase"]
[SourceDate "2001.03.20"]
[SourceVersion "1"]
[SourceVersionDate "2001.03.20"]
[SourceQuality "1"]

1. e4 e5 2. Nf3 Nf6 3. Nxe5 d6 4. Nf3 Nxe4 5. d4 d5 6. Bd3 Nc6 7. O-O Be7 8. c4
Nb4 9. Be2 O-O 10. Nc3 Be6 11. Ne5 f6 12. Nf3 Re8 13. Be3 (13. a3 Nxc3 14. bxc3
Nc6 15. cxd5 Bxd5 16. c4 Bxf3 17. Bxf3 Qxd4 18. Qxd4 Nxd4 19. Bxb7 Rab8 20.
Bd5+ Kf8 21. Be3 Nc2 22. Bxa7 Nxa1 23. Bxb8 Rxb8 24. Rxa1 Bxa3 25. Be4 Bb2 $11)
(13. Qb3 Nxc3 (13... Qd7 $5) 14. bxc3 dxc4 15. Bxc4 Bxc4 16. Qxc4+ Qd5 17. Qb3
Qxb3 18. axb3 Nd5 $11) 13... Bf8 14. a3 (14. Nxe4 dxe4 15. Nd2 f5 16. a3 Na6 (
16... Nd3 17. Qb3) 17. d5 Bf7 18. b4 Bd6 $132) 14... Nxc3 15. bxc3 Nc6 16. cxd5
Bxd5 17. c4 Bf7 18. Qc2 Na5 19. Bd3 g6 20. Bd2 (20. h4 $5 Qd7 (20... c5 21.
dxc5 (21. d5 b5 $132) 21... Qc7 22. Bd4 Bxc5 23. Bxf6 Qf4 24. Bg5 Qg4 25. Nh2
Qe6 26. Qc3 Nxc4 27. Rae1 Qd5 28. Ng4 $36) 21. Bd2 (21. h5 Qg4 22. hxg6 hxg6)
21... Nc6 22. d5 Ne7 (22... Ne5 23. Nxe5 fxe5 24. h5 Qg4 25. hxg6 Bxg6 26. Be3
$14) 23. Bc3 c6 24. Bxf6 cxd5 25. Bb2 Nc6 $132) 20... c5 21. d5 (21. Qa4 $5 Nc6
(21... b6 22. Bxa5 bxa5 23. d5 Rb8 24. Rab1 Rb6 25. Rb5 $14) 22. d5 Nd4 23.
Nxd4 cxd4 $14) 21... b5 $1 22. Bxa5 Qxa5 23. cxb5 Bxd5 24. Nd2 (24. Bc4 Bxc4
25. Qxc4+ Kg7 26. Rfd1 Rad8 $11) 24... Rad8 25. Rfd1 (25. Bc4 Kg7 26. Rfb1 Bb7
$11) 25... Kg7 26. h3 (26. Nc4 Bxc4 27. Bxc4 Rd4 $11) 26... Bf7 27. Nc4 Qc7 (
27... Bxc4 28. Bxc4 Rd4 $11) 28. Re1 Rxe1+ 29. Rxe1 Qd7 30. Nb2 Qd4 (30... c4
31. Bxc4 Bxa3 $11) 31. Re4 (31. Bc4 Qd2 32. Re2 Qxc2 33. Rxc2 Bxc4 34. Nxc4
Rd1+ 35. Kh2 Rb1 $11) 31... Qd5 32. Ra4 Qd7 33. Bc4 Re8 34. Qc1 (34. Nd3 Bxc4
35. Qxc4 Re2 $132) 34... Bxc4 35. Nxc4 Rb8 36. Qd2 Qxd2 37. Rxa7+ Kg8 38. Nxd2
Rxb5 $11 39. Kf1 (39. Ne4 Rb1+ 40. Kh2 Rb6 $132 {[%cal Yc5c4]}) 39... f5 40.
Nc4 Rb1+ 41. Ke2 Bg7 42. a4 Rc1 43. Ne3 f4 44. Ra8+ (44. Nd5 Rc2+ 45. Kf3 Bd4
46. Nxf4 c4 47. Rd7 Rxf2+ 48. Ke4 Bc5 $132) 1/2-1/2

[Event "United Insurance 5th"]
[Site "Dhaka"]
[Date "2001.02.19"]
[Round "1"]
[White "Sandipan, Chanda"]
[Black "Vakhidov, Tahir"]
[Result "0-1"]
[WhiteElo "2431"]
[BlackElo "2482"]
[Annotator "Huzman,A"]
[PlyCount "118"]
[EventDate "2001.02.19"]
[EventType "tourn"]
[EventRounds "13"]
[EventCountry "BAN"]
[EventCategory "8"]
[SourceTitle "CBM 082"]
[Source "ChessBase"]
[SourceDate "2001.05.17"]
[SourceVersion "1"]
[SourceVersionDate "2001.05.17"]
[SourceQuality "1"]

1. e4 e5 2. Nf3 Nf6 3. Nxe5 d6 4. Nf3 Nxe4 5. Bd3 d5 6. Qe2 Qe7 7. O-O Nd6 8.
Qd1 Qf6 (8... Qd8 9. Re1+ Be7 10. Nc3 c6 11. Qe2 Bg4 (11... Nd7 12. b4 Nf8 13.
b5 Ne6 14. bxc6 bxc6 15. Ne5 Qc7 16. Ba3 O-O 17. Rab1 Nf4 18. Qf3 Nxd3 19. Nxd3
Be6 20. Nf4 Nc4 21. Bxe7 Qxe7 22. Re2 $14 {1-0 Georgiev,K-Motylev,A/YUG t-ch
Novi Sad 2000/Ajelibre (61)}) 12. b3 Nd7 13. Bb2 Nc5 14. Na4 Bxf3 15. Qxf3 Nxd3
16. Qxd3 {1/2-1/2 Morozevich,A-Kramnik,V/Wijk aan Zee 2000/(16)}) 9. Nc3 c6 10.
Re1+ Be7 11. b3 (11. Qe2 Bg4) 11... Bg4 (11... O-O 12. Bb2 Bd8 13. Na4 Qh6 14.
c4 $36) 12. Qe2 (12. Be2 O-O 13. Bb2 Re8 $11) (12. Bb2 Bxf3 13. Qxf3 (13. gxf3
O-O 14. Nxd5 Qg5+ 15. Kh1 cxd5 16. Rg1 Qh6 17. Bxg7 Qxg7 18. Rxg7+ Kxg7 19. Qe2
Nc6 $15) 13... Qxf3 14. gxf3 Kd8 $11) (12. Ba3 $5 O-O (12... Bxf3 13. Qxf3 Qxf3
14. gxf3 Kd8 15. Re2 (15. Re5 $5 Nc8 (15... Nd7 $140 $2 16. Rxe7 Kxe7 17. Re1+
$18) 16. Bxe7+ Nxe7 17. Rae1 Nc8 18. Na4 Nd7 19. R5e2 Nd6 $11) 15... Nf5 (15...
Nd7 16. Rae1 Bf8 17. Na4 Nf6 18. Bb2 Nh5 19. Nc5 $36) 16. Bxe7+ Nxe7 17. Rae1
Nc8 18. Na4 Nd6 19. c4 $36) 13. Qe2 Re8 14. Qe5 Qxe5 15. Rxe5 $36) 12... Bxf3
13. gxf3 Kd8 $1 14. Bb2 (14. Ba3 Nc8) 14... Qg5+ (14... Nd7 $5) 15. Kh1 Re8 (
15... Bf6 16. Qe3 Nd7 17. Ba3 Kc7 $15) 16. Rg1 Qh6 17. Qe3 g5 18. Na4 (18. Ne2
Nd7 19. f4 g4 (19... gxf4 20. Nxf4 Bf8 21. Qf3 Ne4 $36) 20. Be5 f6 21. Bc3 f5
$17) 18... Nd7 19. c4 b5 $1 {By this strong move Black win the piece.But it
will be difficult to convert this advantage to victory.} (19... Qh5 $5 20. cxd5
Bf6 (20... cxd5 21. Rg3 $132) 21. Bxf6+ Nxf6 22. Qxg5 Qxf3+ 23. Rg2 Rg8 24. Be2
Qxg2+ 25. Qxg2 Rxg2 26. Kxg2 Nxd5 27. Kf3 $11) 20. cxb5 cxb5 21. Nc5 (21. Nc3
Bf6 $19) 21... Bf6 22. Bxf6+ Qxf6 23. Qxg5 Qxg5 24. Rxg5 Nxc5 25. Rxd5 Ncb7 26.
Bxb5 Re6 $15 27. Rc1 (27. Ba6 Kc7 28. Rc1+ Kb6 $15) 27... Rc8 28. Rc4 Rc7 (
28... Rxc4 29. Bxc4 (29. bxc4 Kc7 30. a4 (30. Ba6 Kb6 $17) 30... Rf6 31. Kg2
Rf5 $17) 29... Kc7 30. Bd3 h6 31. Kg2 Kc6 32. Rh5 $15) 29. Ba6 Kd7 30. Kg2 (30.
Bb5+ Kc8) 30... Rg6+ 31. Kf1 Rf6 32. Ke2 (32. Kg2 $142) 32... Kd8 {[%cal Yc7e7]
} 33. Rc3 Re7+ 34. Kd1 (34. Re3 Rh6 35. h4 Rd7 $17 {[%csl Rh4]}) 34... Rd7 35.
b4 Ke7 36. a3 Nd8 $1 37. Rh5 h6 38. a4 $6 {This move weakens pawn structure of
White on the queen's side and gives real winning possibilities.} Ne6 39. a5 Rf4
$17 {[%csl Ra5,Rb4]} 40. b5 Ra4 41. Rxh6 Rxa5 42. Rh5 Nd4 $17 {[%csl Rb5,Rd2,
Rf2,Rf3,Rh2] /-+ Now all White pawns look like "invalides" and Black win them
very easily.} 43. Rcc5 Ra1+ 44. Rc1 Rxc1+ 45. Kxc1 Nxf3 46. d3 Rc7+ 47. Kb2 Nd4
48. Re5+ Kf6 49. Rd5 N4f5 50. f4 Ke6 51. Re5+ Kd7 52. h3 f6 53. Re1 Rc5 54. h4
Nxh4 55. Rh1 Nhf5 56. d4 Nxd4 57. Rh7+ Ke6 58. Rxa7 N4xb5 59. Rh7 Rc6 0-1

[Event "Prague ProMoPro m1"]
[Site "Prague"]
[Date "2004.12.04"]
[Round "2"]
[White "Kulaots, Kaido"]
[Black "Timman, Jan H"]
[Result "1-0"]
[WhiteElo "2597"]
[BlackElo "2602"]
[Annotator "Huzman,A"]
[PlyCount "49"]
[EventDate "2004.12.03"]
[EventType "match"]
[EventRounds "2"]
[EventCountry "CZE"]
[SourceTitle "CBM 105"]
[Source "ChessBase"]
[SourceDate "2005.04.11"]
[SourceVersion "1"]
[SourceVersionDate "2005.04.11"]
[SourceQuality "1"]

1. e4 e5 2. Nf3 Nf6 3. Nxe5 d6 4. Nf3 Nxe4 5. d4 d5 6. Bd3 Nc6 7. O-O Be7 8. c4
Nb4 9. Be2 O-O 10. Nc3 Bf5 11. a3 Nxc3 12. bxc3 Nc6 13. Re1 Re8 14. Bf4 dxc4
15. Bxc4 Bd6 16. Rxe8+ Qxe8 17. Ng5 Bg6 18. Bxd6 cxd6 19. h4 Qe7 20. Qg4 h6 21.
Nh3 (21. Nf3 Qe4 22. Qg3 Rd8 (22... Qc2 $5) 23. Re1 Qf5 24. Ba2 Qf6 (24... Kf8
$5) 25. Nh2 (25. Bd5 $5 $36) 25... Qf5 26. Ng4 Kf8 27. Bb1 Qh5 28. Qf4 Bxb1 29.
Rxb1 Rd7 $1 30. Ne3 Ne7 $1 $11 {1/2-1/2 Grischuk,A-Karpov,A/Wijk aan Zee 2003/
CBM 93/[Huzman] (35)}) (21. h5 Bxh5 22. Qxh5 hxg5 23. Rd1 Rf8 $1 24. Rd3 Qe1+
25. Kh2 Qxf2 26. Rh3 Qf4+ 27. Kg1 Qc1+ 28. Kh2 Qf4+ 29. Kg1 {1/2-1/2 Movsesian,
S-Gelfand,B/Bled 2002/EXT 2003 (29)}) 21... Qe4 22. Nf4 (22. Qg3 Rc8 (22... Na5
23. Ba2 Qd3 24. Rf1 $1 Qxg3 $2 (24... Rd8 25. Nf4 Qxg3 26. fxg3 Bh7 $11) (24...
Bf5 25. Nf4 Qxg3 26. fxg3 Re8 $11) 25. fxg3 Rc8 $2 26. h5 $1 $16 {1-0 Grischuk,
A-Adams,M/Chalkidiki 2002/CBM 92/[Huzman] (43)}) 23. Bf1 (23. Qxd6 Qc2 24. Qg3
Na5 25. Bd5 Qxc3 26. Qxc3 Rxc3 27. Nf4 Bd3 28. Re1 Kf8 29. Re3 Rc1+ 30. Kh2 Bc4
$11 {0-1 Pruefer,S-Morozova,O/Chessfriend.com 2003/Telechess CBM 99 (38)})
23... Ne7 24. Qxd6 Nf5 25. Qb4 Nxh4 26. d5 Bf5 27. Qxe4 Bxe4 28. c4 Nf5 $11 {
1/2-1/2 Topalov,V-Gelfand,B/Monte Carlo 2003/CBM 93 ext (37)}) (22. Qxe4 Bxe4
23. Nf4 Kf8 24. f3 Bh7 25. a4 Rc8 26. Bb5 Ne7 $11 {1/2-1/2 Gavrilov,
A-Andreikin,D/St Petersburg 2003/EXT 2004 (71)}) 22... Ne5 23. dxe5 dxe5 $4 {
[%mdl 8192]} (23... Qxc4 24. exd6 (24. Qg3 dxe5 25. Nxg6 fxg6 26. Qxe5 Rf8 $11
{1/2-1/2 Gonzalez,Y-Morovic Fernandez,I/Havana 2003/CBM 96 (61)}) 24... Qxc3
25. Rf1 Be4 (25... Rd8 26. Nxg6 fxg6 27. d7 Qc6 28. Rd1 b5 29. h5 gxh5 30. Qxh5
a6 31. Qe5 $16 {1-0 Mortensen,E-Andersson,M/Sweden 2003/EXT 2004 (39)}) 26. Ne2
Qe5 27. Rd1 Rd8 28. Qf4 Qxf4 29. Nxf4 g5 30. hxg5 hxg5 31. Nh3 g4 32. Ng5 Bf5
33. Rd4 Kg7 34. Rf4 Bc8 35. Rd4 Kg6 $15 {0-1 Sevecek,R-Zilberberg,A/ICCF Email
2002/ICCF Telechess CBM 102 (78)}) 24. Bd5 Qxf4 25. Qxg6 1-0

[Event "POL-ch 60th"]
[Site "Warsaw"]
[Date "2003.05.01"]
[Round "10"]
[White "Macieja, Bartlomiej"]
[Black "Murdzia, Piotr"]
[Result "1/2-1/2"]
[WhiteElo "2634"]
[BlackElo "2452"]
[Annotator "Huzman,A"]
[PlyCount "155"]
[EventDate "2003.04.22"]
[EventType "tourn"]
[EventRounds "13"]
[EventCountry "POL"]
[EventCategory "12"]
[SourceTitle "CBM 095"]
[Source "ChessBase"]
[SourceDate "2003.07.25"]
[SourceVersion "1"]
[SourceVersionDate "2003.07.25"]
[SourceQuality "1"]

1. e4 e5 2. Nf3 Nf6 3. Nxe5 d6 4. Nf3 Nxe4 5. d4 d5 6. Bd3 Nc6 7. O-O Be7 8. c4
Nb4 9. Be2 O-O 10. Nc3 Bf5 11. a3 Nxc3 12. bxc3 Nc6 13. Re1 Na5 14. cxd5 Qxd5
15. c4 Qd8 (15... Qd6 16. Bd2 Nc6 17. d5 Nd8 18. Bd3 Bg6 19. Bxg6 hxg6 20. Bb4
c5 21. dxc6 Qxd1 22. Raxd1 Bxb4 23. cxb7 $18 {1-0 Aarthie,R-Kavitha,J/Mumbai
2003/CB04 (52)}) 16. Bd2 (16. Bd3 Bxd3 17. Qxd3 Bf6 18. Rb1 b6 19. Bf4 Qd7 20.
Re3 Nc6 21. d5 Ne7 22. Rbe1 Ng6 23. Bg3 Be7 24. h4 $16 {1-0 Holmsten,
A-Pihlajasalo,H/Tampere 1997/EXT 99 (36)}) 16... c5 17. Qa4 (17. d5 Bf6 (17...
Bd6 18. Bc3 Re8) 18. Ra2 b5 19. Bxa5 Qxa5 20. cxb5 Be4 21. Bc4 Bxf3 22. gxf3
$14) 17... b6 (17... Nc6 $5 18. d5 Nd4 19. Nxd4 cxd4 20. Qb5 $5 Bf6 (20... b6
$140 $4 21. d6 $18) 21. Bf3 b6 22. d6 Bd7 $132) 18. Bxa5 bxa5 19. Rad1 Qc7 20.
d5 (20. Bd3 Bg4 21. Be4 Rab8 $142 (21... Rad8 22. Rb1 Bd6 23. Rb7 Qc8 24. Qxa5
Bxf3 25. Bxf3 cxd4 $14) 22. h3 Bxf3 23. Bxf3 cxd4 24. Rxd4 Bc5 $14) 20... Bd6
21. h3 Rfe8 22. Bd3 Rxe1+ 23. Nxe1 Bd7 $1 24. Qc2 g6 25. Nf3 Re8 $14 {[%csl
Yd6,Yd7] /=} 26. Qc3 Bf8 $1 27. Rb1 Bg7 28. Qd2 h6 29. Bc2 Bf8 30. h4 Rb8 $5
31. Rxb8 Qxb8 32. Qxa5 Qf4 $132 33. Bd3 (33. Nd2 Qxh4 34. Qxa7 Qd4 35. Nf1 Bg4
$132) (33. Qd2 Qxc4 34. Ne5 Qb5 35. h5 g5 36. a4 Qb7 37. d6 Bg7 38. Nxd7 Qxd7
39. Qd5 Qe6 $11) 33... Qc1+ (33... Bg4 34. Nh2 Qc1+ 35. Nf1 $14) 34. Bf1 Bg4
35. Qd2 Qa1 36. Qf4 Bxf3 $1 37. Qxf3 Qe5 $14 {[%mdl 4096]} 38. g3 h5 39. Qb3
Bd6 40. Qd3 Kg7 41. Kg2 Qf6 42. f4 Qe7 43. Be2 Qf6 44. Bd1 Qe7 45. Kf2 Bc7 46.
Bc2 Bd6 47. Kf3 Bc7 48. Qc3+ Qf6 49. Qe3 Bd6 50. Ke2 Qe7 $11 51. Qxe7 Bxe7 52.
Kd3 Kf8 53. Kc3 Bd8 54. d6 Ba5+ 55. Kd3 f5 56. Ke2 Kf7 57. Ba4 Bc3 58. Bc6 Kf8
59. Bd5 Ba5 60. Kd1 Bc3 61. Be6 Ba5 62. Bd5 Bc3 63. d7 Ba5 64. Ke2 Ke7 65. Bg8
Kf8 66. Bd5 Ke7 67. Kd1 Kf8 68. Kc2 Ke7 69. Kb3 Kxd7 70. Bf7 Be1 71. Bxg6 Bxg3
72. Ka4 Kc7 73. Kb5 Bxf4 74. Bxf5 Bg3 75. Ka6 Kb8 76. Kb5 Bxh4 77. Bg6 Bf2 78.
Bxh5 1/2-1/2